Popularne polskie piosenki w tym tygodniu. 26.03-01.04 - Statystyki

Ogólne statystyki
  • Ten quiz został rozwiązany 8 razy
  • Średni wynik to 10 z 30
Statystyki odpowiedzi
Wykonawca Wyświetlenia Utwór % Poprawnych
Ekipa 4.95M 3KIPA
100%
Young Leosia 845K Szklanki
75%
Sobel 805K Kinol
63%
Kabe 868K Nad ranem
63%
Mata 3.61M Patoreakcja
63%
Wiatr ft. Sobel, Be Vis 792K Testarossa
63%
Sanah ft. Vito Bambino 3.75M Ale jazz!
50%
Sobel 921K Alien
50%
Guzior 1.43M BLUEBERRY
50%
Alberto 617K Dwutakt
50%
Guzior ft. Oskar83 1.18M FALA
50%
Sanah 2.17M 2:00
38%
Kizo ft. Trill Pem 771K Fitness
38%
Qry 521K Marionetki
38%
Mata 647K Patointeligencja
38%
Sobel 573K To Ja
38%
Lipa ft. Kabe 1.06M Bezprawie
25%
Cheatz 722K gdzie jest stary dawid
25%
Sobel 684K Każdego Dnia
25%
Defis & MiłyPan 1.33M Musisz się starać
25%
Sanah 659K No sory
13%
Żabson 543K Trapczan
13%
KęKę 644K Tryb ON
13%
PRO8L3M ft. Paluch, Luxon 792K A2
0%
Karolina Stanisławczyk 565K Cliche
0%
BARANOVSKI 531K Lubię być z nią
0%
MIG 526K Mocna strona
0%
Vivat 822K Oddam ci wszystko
0%
Michał Szczygieł 620K Spontan
0%
Maciej Musiałowski & Julia Wieniawa 2.33M Zabierz tę miłość
0%
Nie znaleziono quizów pasujących do podanych kryteriów
Rozkład punktacji
Procent ludzi z każdym wynikiem
Percentyl według liczby udzielonych odpowiedzi
Twoja historia wyników
Nie rozwiązałeś tego quizu